[Event "IND-chT 33rd"]
[Site "Hyderabad"]
[Date "2013.02.21"]
[Round "1.3"]
[White "Vishnu, Prasanna V"]
[Black "Ramani, KV."]
[Result "1-0"]
[WhiteElo "2483"]
[BlackElo "1918"]
[PlyCount "55"]
[EventDate "2013.02.20"]
[EventType "team-swiss"]
[EventRounds "9"]
[EventCountry "IND"]
[SourceTitle "CBM 153 Extra"]
[Source "ChessBase"]
[SourceDate "2013.04.22"]
[SourceVersion "1"]
[SourceVersionDate "2013.04.22"]
[SourceQuality "1"]
[WhiteTeam "Airports Authority"]
[BlackTeam "Services Sports"]
[WhiteTeamCountry "IND"]
[BlackTeamCountry "IND"]

1. e4 d6 2. d4 Nf6 3. Nc3 c6 4. f4 g6 5. Nf3 Bg7 6. Be3 Nbd7 7. Qd2 Ng4 8. Bg1 e5 9. dxe5 dxe5 10. h3 Nh6 11. Be3 Ng8 12. 0-0-0 Qc7 13. Bc4 Ne7 14. Bxf7+ Kxf7 15. Ng5+ Kg8 16. Ne6 Qb8 17. Bc5 Nxc5 18. Qd8+ Kf7 19. Ng5+ Kf6 20. Rd6+ Ne6 21. fxe5+ Kxe5 22. Nf7+ Kf4 23. Qxe7 g5 24. Rxe6 h6 25. Qc5 Kg3 26. Qe3+ Kh4 27. Rg6 Be5 28. Rxh6+ 1-0